000
00170nam a2200073Ia 4500
008
170817s9999 xx 000 0 und d
100
_a
Mahmud.Jafar
245
0
_a
Aids In The World
260
_b
A.P.H. PUB.
999
_c
38491
_d
38491